000 01270nam a2200253 a 4500
001 53722
003 BD-RjUL
005 20251019160149.0
008 161024s1966 bg ||||| |||| 001 0 ben d
020 _c: Tk. 10.00
035 _a(BD-RjUL)53844
040 _aBD-RjUL
_bben
_cBD-RjUL
041 _aben
082 _223
_a891.4409
_bSUB 1966
100 _aসুফিয়ান, নাজিরুল ইসলাম মোহাম্মদ
_9160322
245 1 0 _aবাঙ্গালা সাহিত্যের নূতন ইতিহাস /
_cনাজিরুল ইসলাম মোহাম্মদ সুফিয়ান
250 _a২য় সং.
260 _aঢাকা :
_bছায়াবিথী প্রকাশনী,
_c[১৯৬৬?]
300 _aখণ্ড ;
_c২২ সেমি.
505 0 _aখণ্ড. ১ (ভাষার ইতিহাস)-- খণ্ড. ২ (সাহিত্যের ইতিহাস ১২০০-১৭০০) -- খণ্ড-৩ (ইংরাজ আমলে১৮০০-২০০০)
650 _aবাংলা সাহিত্য
_xইতিহাস ও সমালোচনা
_9160531
650 _aBengali Literature
_xHistory and Criticism
_9160532
942 _2ddc
_cBK
999 _c53722
_d53722